Ranking najlepiej punktujących zawodników PlusLigi w sezonie 2022/23 - Statystyki

Ogólne statystyki
  • Ten quiz został rozwiązany 212 razy
  • Średni wynik to 7 z 15
Statystyki odpowiedzi
Miejsce Zawodnik Liczba punktów % Poprawnych
9 Tomasz Fornal 522
92%
5 Łukasz Kaczmarek 563
84%
15 Aleksander Śliwka 453
75%
4 Bartłomiej Bołądź 566
57%
10 Stephen Boyer 509
57%
6 Karol Butryn 553
56%
11 Bartosz Kwolek 479
48%
13 Dawid Konarski 477
43%
14 Maciej Muzaj 461
35%
2 Torey DeFalco 634
34%
12 Mikołaj Sawicki 478
24%
1 Uros Kovacevic 637
24%
7 Bartosz Filipiak 542
19%
8 Vasyl Tupchii 522
7%
3 Wassim Ben Tara 579
6%
Nie znaleziono quizów pasujących do podanych kryteriów
Rozkład punktacji
Procent ludzi z każdym wynikiem
Percentyl według liczby udzielonych odpowiedzi
Twoja historia wyników
Nie rozwiązałeś tego quizu